| 000 | 00543nam a2200205 a 4500 | ||
|---|---|---|---|
| 001 | BRCA_5691 | ||
| 005 | 20190320205200.0 | ||
| 008 | 020311t1929----enk#######---#000-0#eng-# | ||
| 041 | _aeng | ||
| 044 | _aenk | ||
| 050 | 4 |
_aTN43 _b.S55 1929 |
|
| 100 | 1 |
_aSkinner, Walter E. _914456 |
|
| 245 | 1 | 0 |
_aThe Mining year book for 1929 _cWalter E. Skinner. |
| 260 |
_aLondres _bWalter E. Skinner _c1929 |
||
| 300 |
_a1 v. (sin paginación) _bil. _c21 cm. |
||
| 500 | _aH12 | ||
| 650 | 1 | 4 |
_aMinerÃa _vAnuarios _914457 |
| 902 | _aGFM | ||
| 942 |
_2lcc _cB |
||
| 999 |
_c5384 _d5384 |
||